| 000 | 00000nam 2200000zi 4500 |
| 001 | 9.939898 |
| 003 | CaOODSP |
| 005 | 20250324101601 |
| 006 | m o d f |
| 007 | cr mn||||||||| |
| 008 | 240626t19751976onc o f000 0 fre d |
| 040 | |aCaOODSP|bfre|erda|cCaOODSP |
| 043 | |an-cn-on|an-cn--- |
| 086 | 1 |aRE24-1/1976F-PDF |
| 086 | 1 |aRE24-1/1976 |
| 245 | 00|aEntente auxiliaire provisoire sur les terres septentrionales de l'Ontario, Canada/Ontario, 7 juillet 1975. |
| 264 | 1|a[Ottawa] : |bExpansion économique régionale = Regional Economic Expansion, |c[1975] |
| 264 | 4|c©1976 |
| 300 | |a1 ressource en ligne (14 pages) |
| 336 | |atexte|btxt|2rdacontent/fre |
| 337 | |ainformatique|bc|2rdamedia/fre |
| 338 | |aressource en ligne|bcr|2rdacarrier/fre |
| 500 | |aPublié aussi en anglais sous le titre : Interim subsidiary agreement on Ontario northlands, Canada/Ontario, July 7, 1975. |
| 500 | |aÉdition numérisée de l'imprimé [par Innovation, sciences et développement économique Canada]. |
| 650 | 6|aAménagement du territoire|zOntario. |
| 650 | 6|aAménagement du territoire|zCanada. |
| 651 | 6|aOntario|xPolitique économique. |
| 651 | 6|aCanada|xPolitique économique. |
| 710 | 1 |aCanada. |bExpansion économique régionale, |eorganisme de publication. |
| 775 | 08|tInterim subsidiary agreement on Ontario northlands, Canada/Ontario, July 7, 1975.|w(CaOODSP)9.939894 |
| 856 | 40|qPDF|s438 Ko|uhttps://publications.gc.ca/collections/collection_2024/isde-ised/re24/RE24-1-1976-fra.pdf |